000 005500000a22001810004500
003 MACL
005 20160528153055.0
008 160528b xxu||||| |||| 00| 0 eng d
040 _aMACL
_cMACL
041 _aHindi
082 _a891.433 PRA
100 _aप्रकाश, सत्‍य
_960637
245 _aकमांडो
_cसत्‍य प्रकाश
260 _bसाहित्‍य भण्‍डार
_c1999
_aइलाहाबाद
350 _a40
650 _aPhilosophy
_960638
942 _cHIN
_k800/PRA/N
_2ddc
999 _c12627
_d12627